LDR 01198naa#a2200205#i#450# 001 RU\\bibl\119377 005 20260430172754.4 011 ## _a1994-4683 100 ## _a20260429b2026####ek#y0rusy0150####ca 102 ## _aRU 200 1# _aИспользование проприоцептивно‑ориентированных упражнений для развития координационных способностей в тхэквондо ИТФ на этапе начальной подготовки _eЖурнальная статья 210 1# _aМосква _cНациональный государственный Университет физической культуры, спорта и здоровья им. П.Ф. Лесгафта _d2026 215 ## _a6 с. 608 ## _aЖурнальная статья _2local 675 ## _aТаеквон-до. 796.856.2 _z 700 #1 _aНебураковский _gАлександр Александрович 700 #1 _aПустуева _gЕлизавета Анатольевна 700 #1 _aГутовский _gРуслан Владимирович 700 #1 _aСохан _gМаксим Спартакович 856 4# _auchzapiski.lesgaft.spb.ru _u